MANAGING RECORDS: A HANDBOOK OF PRINCIPLES AND PRACTICE (Record no. 216187)

MARC details
000 -LEADER
fixed length control field 00525nam a22001697a 4500
008 - FIXED-LENGTH DATA ELEMENTS--GENERAL INFORMATION
fixed length control field 251113b |||||||| |||| 00| 0 eng d
020 ## - INTERNATIONAL STANDARD BOOK NUMBER
International Standard Book Number 1-85604-370-3
100 ## - MAIN ENTRY--PERSONAL NAME
Personal name SHEPHERD, ELIZABETH
245 ## - TITLE STATEMENT
Title MANAGING RECORDS: A HANDBOOK OF PRINCIPLES AND PRACTICE
260 ## - PUBLICATION, DISTRIBUTION, ETC.
Place of publication, distribution, etc. LONDON
Name of publisher, distributor, etc. FACET
Date of publication, distribution, etc. 2003
300 ## - PHYSICAL DESCRIPTION
Extent XIV,318P.
500 ## - GENERAL NOTE
General note INCLUDES INDEX
650 ## - SUBJECT ADDED ENTRY
Topical term or geographic name entry element 1. RECORDS - MANAGEMENT 2. ARCHIVES- ADMINISTRATION 3. INFORMATION RESOURCS MANAGENT
700 ## - ADDED ENTRY--PERSONAL NAME
Personal name YEO, GEOFFREY
942 ## - ADDED ENTRY ELEMENTS (KOHA)
Source of classification or shelving scheme Library of Congress Classification
Koha item type Long Loan Book
Holdings
Withdrawn status Lost status Source of classification or shelving scheme Damaged status Not for loan Collection Home library Current library Shelving location Date acquired Inventory number Total checkouts Full call number Barcode Date last seen Copy number Price effective from Koha item type
    Library of Congress Classification     Science & Technology Kisii University Library Kisii University Library On Display 11/13/2025 109795   HF 5736 .S54 2003 000000024720 11/13/2025 C.1 11/13/2025 Long Loan Book
    Library of Congress Classification     Science & Technology Kisii University Library Kisii University Library On Display 11/13/2025 109796   HF 5736 .S54 2003 000000024707 11/13/2025 C.2 11/13/2025 Long Loan Book
    Library of Congress Classification     Science & Technology Kisii University Library Kisii University Library On Display 11/13/2025 109797   HF 5736 .S54 2003 000000024706 11/13/2025 C.3 11/13/2025 Long Loan Book
    Library of Congress Classification     Science & Technology Kisii University Library Kisii University Library On Display 11/13/2025 109798   HF 5736 .S54 2003 000000024705 11/13/2025 C.4 11/13/2025 Long Loan Book